| 000 | 00748nam a2200205 i 4500 | ||
|---|---|---|---|
| 001 | 159617 | ||
| 003 | ES-MaACL | ||
| 005 | 20251015063142.0 | ||
| 008 | 040916s1863 fr |||| | fre d | ||
| 080 | _a930 Renan, Ernest. Vie de Jésus | ||
| 080 | _a27-312 | ||
| 100 | 1 |
_aMichon, Jean-Hippolyte, _d1806-1881 _9176210 |
|
| 245 | 1 | 0 |
_aLeçon préliminaire a M. Renan sur la Vie de Jésus / _cl'abbé J.-H. Michon. |
| 260 |
_aParis : _bE. Dentu, _c1863. |
||
| 300 |
_a68 p. ; _c18 cm. |
||
| 600 | 1 | 7 |
_aRenan, Ernest, _d1823-1892. _tVie de Jésus _2 _9148408 |
| 600 | 0 | 4 |
_aJesucristo- _xBiografías. _9140032 |
| 852 | 4 |
_aES-MaACL _jT-90-F-4 _z- Enc. hol., falto de cub. original _z- Enc. en un vol. facticio |
|
| 999 |
_c159617 _d159617 |
||